000 00357nam a2200169Ia 4500
100 _aHanselman/Duane/ Littlefield/Bruce
650 _aMatlab
942 _cBK
366 _f25
654 _amatlab 7
245 _aMastering Matlab 7
260 _bPearson Education
_c2005
082 _a5.131
_bHAN
300 _a864
546 _aENGLISH
999 _c18522
_d18522